Rio 2016 Olympics Athletics Champions - Statistics

General Stats
  • This quiz has been taken 467 times
    451 since last reset
  • The average score is 13 of 47
Answer Stats
Male Events Champions % Correct
100m Usain Bolt
99%
200m Usain Bolt
94%
4x100m Relay Jamaica
74%
4x400m Relay USA
72%
5000m Mo Farah
61%
400m Wayde Van Niekerk
61%
10000m Mo Farah
60%
800m David Rudisha
57%
4x100m Relay USA
50%
Decathlon Ashton Eaton
49%
4x400m Relay USA
49%
100m Elaine Thompson
45%
200m Elaine Thompson
43%
Marathon Eliud Kipchoge
34%
800m Caster Semenya
30%
Triple Jump Christian Taylor
30%
400m Shaunae Miller
29%
110m Hurdles Omar Mcleod
27%
Shot Put Ryan Crouser
26%
1500m Matthew Centrowitz Jr
25%
Discus Christoph Harting
23%
Heptathlon Nafissatou Thiam
23%
Javelin Thomas Röhler
23%
Pole Vault Thiago Braz da Silva
19%
10000m Almaz Ayana
17%
3000m Steeplechase Conseslus Kipruto
16%
High Jump Derek Drouin
16%
High Jump Ruth Beitia
15%
400m Hurdles Dalilah Muhammad
14%
Pole Vault Ekaterini Stefanidi
14%
1500m Faith Kipyegon
14%
Long Jump Jeff Henderson
14%
400m Hurdles Kerron Clement
14%
Discus Sandra Perković
14%
Hammer Throw Anita Włodarczyk
12%
Triple Jump Caterine Ibargüen
12%
110m Hurdles Brianna Rollins
10%
Hammer Throw Dilshod Nazarov
10%
Long Jump Tianna Bartoletta
9%
3000m Steeplechase Ruth Jebet
8%
Javelin Sara Kolak
7%
Shot Put Michelle Carter
6%
50km Walk Matej Tóth
5%
5000m Vivian Cheruiyot
5%
20km Walk Wang Zhen
4%
20km Walk Liu Hong
3%
Marathon Jemima Sumgong
2%
No matching quizzes found
Score Distribution
Percent of People with Each Score
Percentile by Number Answered
Your Score History
You have not taken this quiz since the last reset